Editing /

Presents a quick overview of using editing and moving images to produce a new reality of time and logic.

Bibliographic Details
Corporate Authors: First Light Video Publishing, Australian Film and Television School. Open Program
Other Authors: Thompson, Peter
Format: Video VHS
Language:English
Published: Venice, CA : First Light Video Publishing, [between 1900 and 1999]
Series:Master classes in the media arts.
Lessons in visual language.
Subjects:

MARC

Tag First Indicator Second Indicator Subfields
LEADER 00000cgm a2200000Ia 4500
001 in00001670913
005 20151024125605.0
007 vf cbahou
008 921217s1980 cau010 f vleng d
028 4 3 |a F754  |b First Light Video Publishing 
040 |a TXA  |c TXA  |d UtOrBLW 
049 |a TXAM 
090 |a TR899  |b .E35 1900z 
245 0 0 |a Editing /  |c Australian Film and Television School Open Program ; devised & narrated by Peter Thompson. 
264 1 |a Venice, CA :  |b First Light Video Publishing,  |c [between 1900 and 1999] 
300 |a 1 videocassette (approximately 10 min.) :  |b sound, color ;  |c 1/2 in. 
336 |a two-dimensional moving image  |b tdi  |2 rdacontent 
337 |a video  |b v  |2 rdamedia 
338 |a videocassette  |b vf  |2 rdacarrier 
490 1 |a Master classes in the media arts 
490 1 |a Lessons in visual language 
538 |a VHS. 
520 |a Presents a quick overview of using editing and moving images to produce a new reality of time and logic. 
500 |a Videorecording. 
650 0 |a Video tapes  |x Editing. 
650 0 |a Motion pictures  |x Editing. 
655 7 |a Instructional films.  |2 lcgft 
700 1 |a Thompson, Peter. 
710 2 |a First Light Video Publishing. 
710 2 |a Australian Film and Television School.  |b Open Program. 
830 0 |a Master classes in the media arts. 
830 0 |a Lessons in visual language. 
948 |a cataloged  |b h  |c 2005/4/4  |d c  |e mphillip  |f 5:18:43 pm 
994 |a E0  |b TXA 
999 |a MARS 
999 f f |s e17b8d7d-19b9-3fd1-abbc-d127cb26daf7  |i 217ef47a-6fe9-37cc-9dbc-07b749cb4d8d  |t 0 
952 f f |a Texas A&M University  |b College Station  |c Sterling C. Evans Library  |d Evans: Media and Reserves (Annex 1st floor)  |t 0  |e TR899 .E35 1900z  |h Library of Congress classification 
998 f f |a TR899 .E35 1900z  |t 0  |l Evans: Media and Reserves (Annex 1st floor)